000 00297nam a22001337a 4500
008 170710b xxu||||| |||| 00| 0 eng d
020 _a9781880231005
041 _aeng
080 _a030
100 _a23
101 _aENC
245 _aHOW TO GET ANYTHING ON ANYBODY
_cLAPIN,L
942 _2udc
_cBK
999 _c20146
_d20146